[Event "TCh-SWE Elitserien"]
[Site "Sweden SWE"]
[Date "2016.10.15"]
[Round "2.1"]
[Board "8"]
[White "Tadjerbashi, Amir"]
[Black "Grandell, Anders"]
[Result "0-1"]
[BlackTitle "FM"]
[WhiteElo "2215"]
[BlackElo "2264"]
[WhiteTeam "Limhamns SK"]
[BlackTeam "SK Team Viking"]
[WhiteFideId "1707531"]
[BlackFideId "1709771"]
[EventDate "2016.10.14"]

1. e4 c5 2. Nf3 Nc6 3. d4 cxd4 4. Nxd4 g6 5. Nc3 Bg7 6. Nde2 Nf6 7. g3 d6 8. Bg2
O-O 9. O-O Rb8 10. a4 a6 11. h3 b5 12. axb5 axb5 13. Rb1 b4 14. Nd5 Nd7 15. Re1
Ba6 16. Be3 Nc5 17. Nd4 Nxd4 18. Bxd4 Bxd4 19. Qxd4 e5 20. Qd2 b3 21. c3 Kg7 22.
Ra1 Ra8 23. Ne3 h5 24. Red1 Nb7 25. Ra3 Nc5 26. Rda1 Rh8 27. Nc4 Rc8 28. Nxd6
Rc6 29. Rd1 Bd3 30. Nc4 Qf6 31. Ne3 Bxe4 32. Bxe4 Nxe4 33. Qe2 Ng5 34. h4 Nf3+
35. Kg2 e4 36. Nd5 Qe6 37. Nf4 Qg4 38. Qxe4 Nxh4+ 39. Kh2 Rf6 40. gxh4 Qxh4+ 41.
Kg2 Qg4+ 42. Kh2 Qxd1 43. Qe5 Rd8 44. Ra6 Rd6 45. Ra5 Qf3 46. Nh3 Re6 47. Qb8
Re1 0-1

[Event "TCh-SWE Elitserien"]
[Site "Sweden SWE"]
[Date "2016.10.16"]
[Round "3.3"]
[Board "3"]
[White "Fendrich, David"]
[Black "Larsson, Johan"]
[Result "1-0"]
[WhiteElo "2257"]
[BlackElo "2176"]
[WhiteTeam "SS Manhem"]
[BlackTeam "SK Rockaden Umea"]
[WhiteFideId "1705725"]
[BlackFideId "1707655"]
[EventDate "2016.10.14"]

1. Nf3 d5 2. g3 Bg4 3. Bg2 Nd7 4. c4 c6 5. cxd5 cxd5 6. Qa4 Bxf3 7. Bxf3 Nf6 8.
Nc3 e6 9. d4 a6 10. e4 b5 11. Qb3 dxe4 12. Nxe4 Nd5 13. Bg5 Qa5+ 14. Nc3 N7b6
15. O-O b4 16. Nxd5 Nxd5 17. Rfe1 Kd7 18. Re5 Bd6 19. Bxd5 Bxe5 20. Bxa8 Bd6 21.
Qf3 Qxg5 22. Qxf7+ Be7 23. Qf3 Qb5 24. d5 exd5 25. Rd1 Kc7 26. Rxd5 Qb6 27. Qf7
Qf6 28. Rc5+ Kb8 29. Qd5 Qb6 30. Rc6 Qb5 31. Qe4 Bf6 32. Qe6 Kxa8 33. Rb6 Qc5
34. Qe4+ 1-0

[Event "TCh-SWE Elitserien"]
[Site "Sweden SWE"]
[Date "2016.10.16"]
[Round "3.4"]
[Board "8"]
[White "Olsson, Linus"]
[Black "Larsson, Anders"]
[Result "1/2-1/2"]
[WhiteTitle "FM"]
[WhiteElo "2286"]
[BlackElo "2266"]
[WhiteTeam "Lunds ASK"]
[BlackTeam "Kungstornet"]
[WhiteFideId "1706098"]
[BlackFideId "1712128"]
[EventDate "2016.10.14"]

1. d4 e6 2. c4 Bb4+ 3. Nc3 c5 4. e3 Nf6 5. Bd3 O-O 6. Ne2 d5 7. a3 Bxc3+ 8. bxc3
Nbd7 9. O-O dxc4 10. Bxc4 Qc7 11. Bd3 e5 12. Bb2 Re8 13. Rc1 c4 14. Bb1 Nb6 15.
Qc2 Bd7 16. Rce1 Ba4 17. Qd2 Bc6 18. f3 e4 19. Ng3 Rad8 20. Bc1 Na4 21. fxe4
Nxe4 22. Nxe4 Rxe4 23. Bxe4 Bxe4 24. Rf4 f5 25. Ref1 g6 26. Rxe4 fxe4 27. Qc2
Qd7 28. Qxe4 b5 29. Qc2 Rf8 30. Rxf8+ Kxf8 31. e4 Qg4 32. Bh6+ Ke8 33. Be3 h5
34. d5 Qd7 35. h3 Qe7 36. Bd4 Nc5 37. e5 Nd3 38. Qe2 Qxa3 39. Qf1 Qc1 40. Qxc1
Nxc1 41. Kf2 Nd3+ 42. Ke3 a5 43. Kd2 a4 44. Kc2 Nf4 45. d6 Kd7 46. g3 Ne6 47.
Be3 Nd8 48. h4 Nc6 49. Bf4 Ke6 50. Kb2 Kd7 51. Ka3 Ke6 52. Kb2 Kd7 53. Ka3 1/2-1/2

[Event "TCh-SWE Elitserien"]
[Site "Sweden SWE"]
[Date "2016.10.16"]
[Round "3.5"]
[Board "8"]
[White "Grandell, Anders"]
[Black "Nilsson, Anders 1976"]
[Result "1-0"]
[WhiteTitle "FM"]
[BlackTitle "CM"]
[WhiteElo "2264"]
[BlackElo "2204"]
[WhiteTeam "SK Team Viking"]
[BlackTeam "Malmo AS"]
[WhiteFideId "1709771"]
[BlackFideId "1705423"]
[EventDate "2016.10.14"]

1. d4 d6 2. e4 Nf6 3. f3 e5 4. Be3 Be7 5. dxe5 dxe5 6. Qxd8+ Kxd8 7. Bc4 Rf8 8.
Ne2 c6 9. a4 a5 10. Ng3 Nfd7 11. Nf5 Bc5 12. Bxc5 Nxc5 13. Nxg7 Rg8 14. Nh5 Rxg2
15. Ng3 Rxc2 16. Na3 Rg2 17. Bf1 Bh3 18. O-O-O+ Kc7 19. Bxg2 Bxg2 20. Rhg1 Bxf3
21. Rdf1 Nb3+ 22. Kc2 Nd4+ 23. Kd3 Nd7 24. Ke3 Nc5 25. Rxf3 Nxf3 26. Kxf3 Nxa4
27. Nc4 b5 28. Ra1 f6 29. Nf5 Rd8 30. Nxa5 Rd3+ 31. Ne3 Kb6 32. Nc4+ Kc7 33. b4
Nc3 34. Na5 Kb6 35. h3 h5 36. h4 f5 37. exf5 Nd5 38. Re1 Nxb4 39. f6 Nc2 40. Re2
Rd6 41. Nac4+ bxc4 42. Nxc4+ Kc5 43. Nxd6 Nd4+ 44. Ke4 Kxd6 45. Rf2 Ne6 46. Kf5
c5 47. Kg6 e4 48. f7 Nf8+ 49. Kg7 Ne6+ 50. Kf6 Nf8 51. Rd2+ Kc7 52. Re2 1-0

[Event "TCh-SWE Elitserien"]
[Site "Sweden SWE"]
[Date "2017.01.14"]
[Round "4.1"]
[Board "7"]
[White "Moberg, Karl Johan"]
[Black "Schneider, Stefan"]
[Result "1/2-1/2"]
[WhiteTitle "IM"]
[WhiteElo "2285"]
[BlackElo "2346"]
[WhiteTeam "SS Manhem"]
[BlackTeam "Limhamns SK"]
[WhiteFideId "1702173"]
[BlackFideId "1703013"]
[EventDate "2016.10.14"]

1. d4 e6 2. c4 Bb4+ 3. Nc3 Nf6 4. e3 O-O 5. Ne2 d5 6. a3 Bd6 7. Ng3 c6 8. Bd2
Nbd7 9. Qc2 a6 10. cxd5 exd5 11. Bd3 Re8 12. O-O Nf8 13. f3 c5 14. Nce2 c4 15.
Bf5 b5 16. Bxc8 Rxc8 17. Nf5 Bb8 18. Rae1 Qb6 19. g4 Ne6 20. Kg2 Qc7 21. Nfg3 h5
22. gxh5 Nxh5 23. Rf2 g6 24. Kh1 Neg7 25. e4 Qd7 26. e5 Qh3 27. f4 Nxg3+ 28.
Nxg3 Rc6 1/2-1/2

[Event "TCh-SWE Elitserien"]
[Site "Sweden SWE"]
[Date "2017.02.04"]
[Round "5.1"]
[Board "5"]
[White "Moberg, Karl Johan"]
[Black "Dragicevic, Drazen"]
[Result "0-1"]
[WhiteTitle "IM"]
[BlackTitle "FM"]
[WhiteElo "2285"]
[BlackElo "2298"]
[WhiteTeam "SS Manhem"]
[BlackTeam "Lunds ASK"]
[WhiteFideId "1702173"]
[BlackFideId "1707922"]
[EventDate "2016.10.14"]

1. d4 Nf6 2. c4 e6 3. Nc3 Bb4 4. e3 O-O 5. Ne2 Re8 6. a3 Bf8 7. d5 exd5 8. cxd5
c5 9. Ng3 a6 10. a4 d6 11. Be2 Nbd7 12. O-O Rb8 13. e4 Qc7 14. f3 b6 15. Nf5 Ne5
16. g4 Bxf5 17. exf5 c4 18. g5 Nfd7 19. f4 Nd3 20. Bxd3 cxd3 21. Qxd3 Nc5 22.
Qc2 b5 23. axb5 axb5 24. Nd1 b4 25. Ne3 Re4 26. Bd2 Rbe8 27. Rae1 b3 28. Qc3 Qb7
29. f6 Na4 30. Qc1 Qa7 31. Kh1 Qd4 32. Ng2 Qxd5 33. Rxe4 Rxe4 34. fxg7 Kxg7 35.
Bc3+ Nxc3 36. Qxc3+ Kg8 37. f5 Rg4 38. Qf3 Qxf3 39. Rxf3 Rxg5 40. Ne3 Bg7 41. f6
Bh8 42. Nf5 Bxf6 43. Nxd6 Bd4 44. h4 Rg1+ 45. Kh2 Rb1 46. Nc4 Bxb2 47. Kh3 Bd4
48. Na3 Rh1+ 49. Kg3 Rg1+ 50. Kh2 b2 51. Rd3 Bc5 52. Rb3 Ra1 0-1

[Event "TCh-SWE Elitserien"]
[Site "Sweden SWE"]
[Date "2017.03.04"]
[Round "6.4"]
[White "Semcesen, Daniel"]
[Black "Jepson, Christian"]
[Result "1/2-1/2"]
[WhiteTitle "GM"]
[BlackTitle "IM"]
[WhiteElo "2457"]
[BlackElo "2430"]
[WhiteTeam "Lunds ASK"]
[BlackTeam "Limhamns SK"]
[WhiteFideId "1706993"]
[BlackFideId "1701185"]
[EventDate "2016.10.14"]

1. d4 d5 2. c4 e6 3. Nc3 Nf6 4. cxd5 exd5 5. Bg5 Be7 6. e3 c6 7. Qc2 Nbd7 8. Bd3
Nh5 9. Bxe7 Qxe7 10. O-O-O Nb6 11. h3 g6 12. Nf3 Be6 13. Kb1 Ng7 14. g4 O-O-O
15. Rc1 Kb8 16. Na4 Nxa4 17. Qxa4 Ne8 18. Rc3 Nd6 19. Ra3 Nc8 20. Rc1 Rd6 21.
Qb4 Rd7 22. Qa5 Rd6 23. Qb4 Rd7 24. Qa4 Rd6 25. Qb4 1/2-1/2

[Event "TCh-SWE Elitserien"]
[Site "Sweden SWE"]
[Date "2017.03.04"]
[Round "6.6"]
[White "Dragicevic, Drazen"]
[Black "Penalver, Osmani"]
[Result "1/2-1/2"]
[WhiteTitle "FM"]
[WhiteElo "2298"]
[BlackElo "2236"]
[WhiteTeam "Lunds ASK"]
[BlackTeam "Limhamns SK"]
[WhiteFideId "1707922"]
[BlackFideId "1704516"]
[EventDate "2016.10.14"]

1. Nf3 Nf6 2. c4 e6 3. b3 b6 4. g3 Bb7 5. Bg2 Be7 6. O-O O-O 7. Qc2 c5 8. Bb2
Nc6 9. a3 d5 10. cxd5 exd5 11. d4 cxd4 12. Nxd4 Nxd4 13. Bxd4 Ne4 14. Nd2 Rc8
15. Qb2 Bf6 16. Rfc1 Bxd4 17. Qxd4 Qe7 18. b4 Rfd8 19. Rxc8 Rxc8 20. Nxe4 dxe4
21. Rd1 h6 22. h4 Bc6 23. Bh3 Re8 24. Qd6 Ba4 25. Qxe7 Rxe7 26. Rd8+ Kh7 27. e3
g6 28. Rd4 Rc7 29. g4 Rc1+ 30. Kh2 Bc6 31. Rd8 Bb5 32. Ra8 Rc7 33. Bg2 Bc6 34.
Rd8 Kg7 35. Kg3 g5 36. Rd4 Re7 37. Rd6 Bb7 38. Bf1 Bc8 39. Rd8 Bd7 40. Bc4 Ba4
41. Rd4 Bc6 42. Bb3 Rd7 1/2-1/2

[Event "TCh-SWE Elitserien"]
[Site "Sweden SWE"]
[Date "2017.03.24"]
[Round "7.2"]
[Board "2"]
[White "Nielsen, Peter Heine"]
[Black "Smith, Axel"]
[Result "1/2-1/2"]
[WhiteTitle "GM"]
[BlackTitle "GM"]
[WhiteElo "2645"]
[BlackElo "2506"]
[WhiteTeam "SK Rockaden, Sthlm"]
[BlackTeam "Lunds ASK"]
[WhiteFideId "1400355"]
[BlackFideId "1707930"]
[EventDate "2016.10.14"]

1. e4 e5 2. Nf3 Nc6 3. Bc4 Nf6 4. d3 Be7 5. O-O O-O 6. Nc3 d6 7. a3 Be6 8. Nd5
Nd4 9. Nxd4 exd4 10. Nxf6+ Bxf6 11. Bxe6 fxe6 12. Qg4 e5 13. f4 exf4 14. Bxf4
Qe7 15. Rf3 b6 16. Raf1 a6 17. g3 Rae8 18. Kg2 Qe6 19. Qxe6+ Rxe6 20. h4 Be5 21.
Bg5 Rxf3 22. Rxf3 b5 23. h5 Re8 24. b3 c5 25. Bf4 c4 26. bxc4 bxc4 27. dxc4 Bxf4
28. Rxf4 Rc8 29. Rf5 Rxc4 30. Rd5 Rxc2+ 31. Kf3 Rc3+ 32. Kf4 Rxa3 33. Rxd4 Ra5
34. g4 g5+ 35. hxg6 hxg6 36. g5 Kg7 37. Rxd6 Kf7 38. Rd7+ Kf8 39. Ra7 Kg8 40. e5
Ra4+ 41. Kf3 Kf8 42. Rc7 a5 43. Ra7 Kg8 44. Ra6 Kg7 45. e6 Kf8 46. Ra7 Rb4 47.
Rxa5 Ke7 48. Re5 Ra4 49. Re1 Ra6 50. Kf4 Rxe6 51. Re5 Kf7 52. Rxe6 Kxe6 53. Ke4
Kd6 54. Kd4 Ke6 55. Ke4 Kd6 56. Kd4 1/2-1/2

[Event "TCh-SWE Elitserien"]
[Site "Sweden SWE"]
[Date "2017.03.24"]
[Round "7.3"]
[Board "3"]
[White "Johansson, Linus"]
[Black "Ornstein, Axel"]
[Result "1-0"]
[WhiteTitle "IM"]
[BlackTitle "IM"]
[WhiteElo "2399"]
[BlackElo "2337"]
[WhiteTeam "Limhamns SK"]
[BlackTeam "Eksjo SK"]
[WhiteFideId "1711113"]
[BlackFideId "1700111"]
[EventDate "2016.10.14"]

1. d4 Nf6 2. c4 e6 3. Nc3 Bb4 4. e3 O-O 5. Ne2 d5 6. a3 Bd6 7. Ng3 c6 8. Be2 Re8
9. O-O Nbd7 10. Bd2 Nf8 11. c5 Bc7 12. f4 Ng6 13. Bd3 b6 14. b4 a5 15. Qe2 Ne7
16. Na4 axb4 17. cxb6 Rxa4 18. bxc7 Qxc7 19. axb4 Rxa1 20. Rxa1 Nf5 21. Nf1 Nd6
22. Be1 Nfe4 23. Qc2 Qb7 24. Nd2 Nxd2 25. Bxd2 h6 26. Ra6 Bd7 27. Qa2 Rb8 28.
Be1 f5 29. h3 Nb5 30. Qa5 Qc8 31. Bh4 Nc7 32. Ra7 Nb5 33. Bxb5 Rxb5 34. Qc7 Qxc7
35. Rxc7 Be8 36. Be7 Rb6 37. Ra7 Rb8 38. Kf2 Rc8 39. Ke1 Kf7 40. Bd6+ Kg8 41.
Be5 Bf7 42. h4 g6 43. Kd2 Rd8 44. Bf6 Rb8 45. Kc3 Kf8 46. Be7+ Kg8 47. Kb3 Be8
48. Ka3 h5 49. Bf6 Rb6 50. Be5 Kf8 51. Bc7 Rb5 52. Bd8 Rb8 53. Bg5 Kg8 54. Be7
Rb6 55. Bc5 Rb8 56. Ka4 Rd8 57. Ka5 Rd7 58. Ra8 Kf7 59. Kb6 1-0

[Event "TCh-SWE Elitserien"]
[Site "Sweden SWE"]
[Date "2017.03.24"]
[Round "7.3"]
[Board "5"]
[White "Jepson, Christian"]
[Black "Vernersson, Per"]
[Result "1/2-1/2"]
[WhiteTitle "IM"]
[WhiteElo "2430"]
[BlackElo "2290"]
[WhiteTeam "Limhamns SK"]
[BlackTeam "Eksjo SK"]
[WhiteFideId "1701185"]
[BlackFideId "1700863"]
[EventDate "2016.10.14"]

1. d4 d5 2. Nf3 Nf6 3. c4 e6 4. Nc3 Be7 5. Bg5 Nbd7 6. e3 O-O 7. Qc2 c5 8. cxd5
Nxd5 9. Bxe7 Qxe7 10. Nxd5 exd5 11. Bd3 cxd4 12. Nxd4 Qb4+ 13. Qd2 Nc5 14. Bc2
Qxd2+ 15. Kxd2 Bd7 16. Rac1 Rfc8 17. b4 Ne6 18. Bb3 Nxd4 19. exd4 Be6 20. Rhe1
Kf8 21. h3 Rxc1 22. Rxc1 Ke7 23. Rc3 Kd6 24. Rg3 g6 25. h4 h6 26. Re3 g5 27.
hxg5 hxg5 28. Rg3 f6 29. Rf3 Rf8 30. Bc2 Bg4 31. Ra3 a6 1/2-1/2

[Event "TCh-SWE Elitserien"]
[Site "Sweden SWE"]
[Date "2017.03.24"]
[Round "7.3"]
[Board "7"]
[White "Penalver, Osmani"]
[Black "Thornert, Hakan"]
[Result "0-1"]
[WhiteElo "2236"]
[BlackElo "2242"]
[WhiteTeam "Limhamns SK"]
[BlackTeam "Eksjo SK"]
[WhiteFideId "1704516"]
[BlackFideId "1703749"]
[EventDate "2016.10.14"]

1. d4 d5 2. c4 e5 3. dxe5 d4 4. Nf3 Nc6 5. a3 Be6 6. Qb3 Nge7 7. e3 a5 8. exd4
Nxd4 9. Nxd4 Qxd4 10. Be3 Qxe5 11. Qxb7 Rd8 12. Qb5+ Qxb5 13. cxb5 Nf5 14. Ba7
Nd4 15. Bxd4 Rxd4 16. Nc3 Bc5 17. Be2 Ke7 18. O-O Rhd8 19. Bf3 f5 20. Rae1 Kf6
21. Rd1 Bb3 22. Rxd4 Rxd4 23. Re1 g5 24. g4 Rd2 25. Re2 Rxe2 26. Bxe2 Bd4 27.
gxf5 Kxf5 28. Bd3+ Ke5 29. Kf1 h6 30. Ke2 Kf4 31. Kf1 Ke5 32. Ke1 Be6 33. Be2
Bb3 34. Bf3 Bc4 35. Be2 Bb3 36. Bd3 Be6 37. Ke2 Bb3 38. Kf3 Be6 39. Bc2 Bc4 40.
a4 Be6 41. Nd1 g4+ 42. Kg3 Kd6 43. Ne3 Kc5 44. Kh4 Kb4 45. Bd1 Bxb2 46. Nc2+ Kc3
47. Ne3 Kd2 48. Bxg4 Bb3 49. Bd7 Be5 50. Ng4 Bd6 51. Ne3 Ke2 52. Nf5 Bc5 53.
Ng3+ Kd3 54. Bf5+ Kd4 55. Ne2+ Ke5 56. Bd3 Bxf2+ 57. Kh5 Be3 58. b6 cxb6 59. Bb5
Kd6 60. Ng3 Kc5 61. Nf5 Bf4 62. h4 Kb4 0-1

[Event "TCh-SWE Elitserien"]
[Site "Sweden SWE"]
[Date "2017.03.24"]
[Round "7.5"]
[Board "4"]
[White "Ernst, Thomas"]
[Black "Eriksson, Jorgen"]
[Result "1/2-1/2"]
[WhiteTitle "GM"]
[WhiteElo "2368"]
[BlackElo "2216"]
[WhiteTeam "Farsta SK"]
[BlackTeam "SK Rockaden Umea"]
[WhiteFideId "1700065"]
[BlackFideId "1701967"]
[EventDate "2016.10.14"]

1. e4 d6 2. d4 Nf6 3. Nc3 e5 4. Nf3 Nbd7 5. Bc4 Be7 6. O-O O-O 7. a4 c6 8. Qe2
Qc7 9. Rd1 a5 10. h3 Nb8 11. b3 Na6 12. Bb2 Nd7 13. Qe3 Nb4 14. Rac1 Bf6 15.
dxe5 dxe5 16. Ne2 Re8 17. Ng3 g6 18. Qh6 Nf8 19. c3 Na6 20. Ng5 Be6 21. Bxe6
fxe6 22. Ba3 c5 23. Nf3 Rad8 24. Qe3 Qc6 25. Qe2 c4 26. bxc4 Rc8 27. Bd6 Qxc4
28. Qb2 Nc5 29. Bxe5 Nxa4 30. Qa1 Bxe5 31. Nxe5 Qb5 32. Ng4 Rc4 33. Nf6+ Kf7 34.
Nxe8 Qxe8 35. Rd4 Qc6 36. Rxc4 Qxc4 37. Qa3 b5 38. f4 Qd3 39. Kh2 h5 40. f5 h4
41. fxg6+ Nxg6 42. Rf1+ Ke8 43. Rf3 hxg3+ 44. Rxg3 Qxe4 45. Qb3 Qe5 46. c4 Nc5
47. Qxb5+ Nd7 48. Qxe5 Ngxe5 49. Rc3 Nc5 50. h4 Kf7 51. Kh3 a4 52. g4 Ne4 53.
Ra3 Nc5 54. Rc3 Ne4 55. Ra3 Nc5 56. Rc3 Kf6 57. Ra3 Nxc4 58. Rc3 a3 59. g5+ Kg7
60. Rxc4 a2 61. Rc1 Nb3 62. Rc7+ Kg8 63. Rc8+ 1/2-1/2

[Event "TCh-SWE Elitserien"]
[Site "Sweden SWE"]
[Date "2017.03.24"]
[Round "7.4"]
[Board "7"]
[White "Andersson, Fredrik 19832"]
[Black "Gajic, Mladen"]
[Result "1/2-1/2"]
[WhiteTitle "FM"]
[BlackTitle "FM"]
[WhiteElo "2279"]
[BlackElo "2359"]
[WhiteTeam "Kungstornet"]
[BlackTeam "Malmo AS"]
[WhiteFideId "1706187"]
[BlackFideId "1709178"]
[EventDate "2016.10.14"]

1. e4 Nf6 2. e5 Nd5 3. d4 d6 4. Nf3 dxe5 5. Nxe5 c6 6. Bc4 Nd7 7. Nf3 N7b6 8.
Bb3 a5 9. a3 Bf5 10. O-O e6 11. c4 Nf6 12. Be3 Be7 13. h3 h6 14. Nc3 O-O 15. Qe2
a4 16. Ba2 Ne4 17. Nxe4 Bxe4 18. Ne5 Bf5 19. Rfd1 Bf6 20. Ng4 Bg5 21. f4 1/2-1/2

[Event "TCh-SWE Elitserien"]
[Site "Sweden SWE"]
[Date "2017.03.24"]
[Round "7.4"]
[Board "8"]
[White "Nizov, Anton"]
[Black "Larsson, Anders"]
[Result "1/2-1/2"]
[WhiteElo "2142"]
[BlackElo "2266"]
[WhiteTeam "Malmo AS"]
[BlackTeam "Kungstornet"]
[WhiteFideId "1713698"]
[BlackFideId "1712128"]
[EventDate "2016.10.14"]

1. d4 e6 2. Nf3 c5 3. e3 Nf6 4. c4 cxd4 5. exd4 d5 6. Nc3 Be7 7. Bd3 Nc6 8. O-O
O-O 9. Re1 Nb4 10. Be2 dxc4 11. Bxc4 Bd7 12. Bg5 Bc6 13. Ne5 Nfd5 14. Bxe7 Qxe7
15. Nxc6 bxc6 16. a3 Nxc3 17. bxc3 Nd5 18. Qf3 Qd6 19. Bb3 Rab8 20. c4 Nf6 21.
Red1 Rfd8 22. c5 Qc7 23. Ba4 Nd5 24. Rab1 Ne7 25. Rxb8 Rxb8 26. Qe4 Nd5 27. Bc2
Nf6 28. Qf3 Qd7 29. Ba4 Nd5 30. g3 h6 31. Kg2 g6 32. h4 h5 33. Bb3 Rd8 34. Ba4
Rb8 35. Bb3 Ne7 36. Ba4 Qd5 37. Qxd5 exd5 38. Kf3 Rb2 39. Rd3 Kg7 40. Re3 Kf6
41. Re2 Rb1 42. Re3 Rb7 43. Re2 Rb1 1/2-1/2

[Event "TCh-SWE Elitserien"]
[Site "Sweden SWE"]
[Date "2017.03.25"]
[Round "8.2"]
[Board "2"]
[White "Meier, Georg"]
[Black "Nielsen, Peter Heine"]
[Result "1/2-1/2"]
[WhiteTitle "GM"]
[BlackTitle "GM"]
[WhiteElo "2648"]
[BlackElo "2645"]
[WhiteTeam "Malmo AS"]
[BlackTeam "SK Rockaden, Sthlm"]
[WhiteFideId "4675789"]
[BlackFideId "1400355"]
[EventDate "2016.10.14"]

1. Nf3 c5 2. c4 Nf6 3. Nc3 Nc6 4. g3 d5 5. cxd5 Nxd5 6. Bg2 e6 7. O-O Be7 8. d4
O-O 9. Rb1 Bf6 10. dxc5 Bxc3 11. bxc3 Nxc3 12. Qxd8 Rxd8 13. Rb2 e5 14. Rc2 Nd5
15. Rb2 Nc3 16. Rc2 Nd5 17. Rb2 1/2-1/2

[Event "TCh-SWE Elitserien"]
[Site "Sweden SWE"]
[Date "2017.03.25"]
[Round "8.2"]
[Board "5"]
[White "Karlsson, Lars"]
[Black "Markovic, Miroslav"]
[Result "1/2-1/2"]
[WhiteTitle "GM"]
[BlackTitle "GM"]
[WhiteElo "2448"]
[BlackElo "2466"]
[WhiteTeam "SK Rockaden, Sthlm"]
[BlackTeam "Malmo AS"]
[WhiteFideId "1700057"]
[BlackFideId "901504"]
[EventDate "2016.10.14"]

1. b3 Nf6 2. Bb2 g6 3. Bxf6 exf6 4. c4 f5 5. Nc3 f4 6. g3 fxg3 7. hxg3 Bg7 8.
Rc1 d6 9. e3 c6 10. d4 Nd7 11. Bg2 Nf6 12. b4 O-O 13. Nge2 Re8 14. b5 Bd7 15.
Qa4 Qc7 16. Bf3 h5 17. Kf1 Bg4 18. Bxg4 Nxg4 19. Kg2 Bh6 20. Nf4 Rac8 21. bxc6
bxc6 22. Rce1 Qe7 23. Qc2 Bxf4 24. gxf4 d5 25. c5 Rb8 26. Qd2 Nh6 27. f3 Rbd8
28. e4 dxe4 29. Nxe4 Rf8 30. Nd6 Qf6 31. Re5 Rxd6 32. cxd6 Rd8 33. Qa5 Kg7 34.
Re7 Rxd6 35. Qe5 Rxd4 36. Rxa7 Rd2+ 37. Kh3 Nf5 38. Rb1 Rf2 39. Rbb7 Rxf3+ 40.
Kg2 Nh4+ 41. Kg1 Rg3+ 42. Kf1 Rf3+ 43. Kg1 Rg3+ 44. Kf1 Rf3+ 45. Kg1 Qxe5 46.
fxe5 Kh6 47. Rxf7 Re3 48. e6 Rxe6 49. Rae7 Rd6 50. Rd7 Re6 51. Rde7 1/2-1/2

[Event "TCh-SWE Elitserien"]
[Site "Sweden SWE"]
[Date "2017.03.25"]
[Round "8.3"]
[Board "5"]
[White "Vernersson, Per"]
[Black "Lindgren, Mats"]
[Result "1/2-1/2"]
[WhiteElo "2290"]
[BlackElo "2241"]
[WhiteTeam "Eksjo SK"]
[BlackTeam "SK Rockaden Umea"]
[WhiteFideId "1700863"]
[BlackFideId "1701282"]
[EventDate "2016.10.14"]

1. d4 e6 2. c4 f5 3. g3 Nf6 4. Bg2 Be7 5. Nf3 d6 6. O-O O-O 7. Nc3 Qe8 8. Re1
Qg6 9. e4 Nxe4 10. Nxe4 fxe4 11. Rxe4 Nc6 12. Nh4 Bxh4 13. Rxh4 e5 14. Be3 Bf5
15. dxe5 dxe5 16. Qd5+ Kh8 17. Be4 Rad8 18. Bxf5 Qxf5 19. Qe4 Nd4 20. Bxd4 exd4
21. Qe2 1/2-1/2

[Event "TCh-SWE Elitserien"]
[Site "Sweden SWE"]
[Date "2017.03.25"]
[Round "8.5"]
[Board "3"]
[White "Winsnes, Rikard"]
[Black "Degerman, Lars"]
[Result "1/2-1/2"]
[WhiteTitle "IM"]
[BlackTitle "IM"]
[WhiteElo "2395"]
[BlackElo "2457"]
[WhiteTeam "SS Manhem"]
[BlackTeam "Farsta SK"]
[WhiteFideId "1700430"]
[BlackFideId "1700227"]
[EventDate "2016.10.14"]

1. e4 c5 2. Nf3 d6 3. d4 cxd4 4. Nxd4 Nf6 5. Nc3 a6 6. Be3 e5 7. Nf3 Qc7 8. a4
h6 9. Be2 Be6 10. O-O Nbd7 11. a5 Be7 12. Nd5 Nxd5 13. exd5 Bf5 14. c4 O-O 15.
b4 Bh7 16. Rc1 Rac8 17. Qb3 Kh8 18. Nd2 Qd8 19. Rfd1 Bg5 20. Bxg5 Qxg5 21. Qe3 1/2-1/2

[Event "TCh-SWE Elitserien"]
[Site "Sweden SWE"]
[Date "2017.03.25"]
[Round "8.5"]
[Board "8"]
[White "Lundin, Jan"]
[Black "Laith, Kasib"]
[Result "1/2-1/2"]
[WhiteTitle "FM"]
[BlackTitle "FM"]
[WhiteElo "2264"]
[BlackElo "2084"]
[WhiteTeam "Farsta SK"]
[BlackTeam "SS Manhem"]
[WhiteFideId "1706896"]
[BlackFideId "4801059"]
[EventDate "2016.10.14"]

1. e4 e5 2. Nf3 Nc6 3. d4 exd4 4. Nxd4 Nf6 5. Nxc6 bxc6 6. e5 Qe7 7. Qe2 Nd5 8.
c4 Nb6 9. Nc3 a5 10. Bd2 Qe6 11. Qe4 Ba6 12. b3 Bb7 13. Be2 d5 14. exd6 cxd6 15.
O-O Qxe4 16. Nxe4 Be7 17. Bf4 Nc8 18. Rad1 d5 19. cxd5 cxd5 20. Nc3 O-O 21. Nxd5
Bc5 22. Bf3 Ra7 23. Rfe1 Nb6 24. Nxb6 Bxf3 25. gxf3 Bxb6 26. Rd6 Bc5 27. Rd5 Bb4
28. Re4 Rfa8 29. Kf1 f6 30. Bd2 Bxd2 31. Rxd2 a4 32. Red4 axb3 33. axb3 Ra1+ 34.
Rd1 R1a2 35. R4d2 Rxd2 36. Rxd2 Ra1+ 37. Kg2 Rb1 38. Rd3 g5 39. f4 Kf7 40. f5
Ke7 41. Kf3 h5 42. h3 Rb2 43. Kg3 Rb1 44. Re3+ Kd7 45. Kg2 Rb2 46. Re6 Rxb3 47.
Rxf6 Rb5 48. Rh6 h4 49. Rh7+ Ke8 50. f6 Rf5 51. Rg7 Kf8 52. f3 Ra5 53. Kf2 Rb5
54. Ke3 Rf5 55. Ke4 Rf4+ 56. Ke3 Rf5 57. Ke4 Rf4+ 58. Ke5 Rxf3 59. Ra7 1/2-1/2

[Event "TCh-SWE Elitserien"]
[Site "Sweden SWE"]
[Date "2017.03.26"]
[Round "9.1"]
[Board "5"]
[White "Westerberg, Jonathan"]
[Black "Bator, Robert"]
[Result "1/2-1/2"]
[WhiteTitle "IM"]
[BlackTitle "IM"]
[WhiteElo "2489"]
[BlackElo "2428"]
[WhiteTeam "SK Team Viking"]
[BlackTeam "SK Rockaden, Sthlm"]
[WhiteFideId "1701754"]
[BlackFideId "1700405"]
[EventDate "2016.10.14"]

1. d4 d5 2. c4 c6 3. cxd5 cxd5 4. Bg5 h6 5. Bh4 Qb6 6. Nc3 e6 7. Qd2 Be7 8. Bxe7
Nxe7 9. e3 Bd7 10. Bd3 O-O 11. Nf3 Bc6 12. Ne5 Nd7 13. Nxc6 Nxc6 14. O-O a6 15.
Rac1 Rac8 16. Rfd1 Qa7 17. Na4 Rc7 18. Nc5 Nxc5 19. Rxc5 Rfc8 20. Rdc1 b6 21.
R5c3 Nb8 22. R1c2 Rxc3 23. Rxc3 Qd7 24. Qc2 Rxc3 25. Qxc3 Qc6 26. Qxc6 Nxc6 27.
Bxa6 Nb4 28. Bb5 Nxa2 29. Kf1 Nc1 30. Ba4 Kf8 31. Bc2 Na2 32. Ke2 Nb4 33. Bb1
Ke7 34. Kd2 Kd6 35. Kc3 1/2-1/2